UBT Library

Africa's discovery of Europe : (Record no. 43393)

000 -LEADER
fixed length control field 00879cam a2200277 a 4500
001 - CONTROL NUMBER
control field 15442066
005 - DATE AND TIME OF LATEST TRANSACTION
control field 20180226033542.0
008 - FIXED-LENGTH DATA ELEMENTS--GENERAL INFORMATION
fixed length control field 080521s2009 nyuab b 001 0 eng
010 ## - LIBRARY OF CONGRESS CONTROL NUMBER
LC control number 2008021624
020 ## - INTERNATIONAL STANDARD BOOK NUMBER
International Standard Book Number 9780195340532
020 ## - INTERNATIONAL STANDARD BOOK NUMBER
International Standard Book Number 0195340531
035 ## - SYSTEM CONTROL NUMBER
System control number (OCoLC)ocn229467403
035 ## - SYSTEM CONTROL NUMBER
System control number (OCoLC)229467403
040 ## - CATALOGING SOURCE
Original cataloging agency DLC
Transcribing agency DLC
Modifying agency DLC
041 ## - LANGUAGE CODE
Language code of text/sound track or separate title eng
043 ## - GEOGRAPHIC AREA CODE
Geographic area code e------
-- fb-----
-- f------
080 ## - UNIVERSAL DECIMAL CLASSIFICATION NUMBER
Universal Decimal Classification number 303.4867040903 NOR
082 00 - DEWEY DECIMAL CLASSIFICATION NUMBER
Classification number 303.4867040903 NOR
Edition number 22
100 1# - Rafti
Rafti 16
101 ## - Shkurtesa
Shkurtesa HIS
245 10 - TITLE STATEMENT
Title Africa's discovery of Europe :
Statement of responsibility, etc David Northrup.
504 ## - BIBLIOGRAPHY, ETC. NOTE
Bibliography, etc Includes bibliographical references and index.
906 ## - LOCAL DATA ELEMENT F, LDF (RLIN)
a 7
b cbc
c orignew
d 1
e ecip
f 20
g y-gencatlg
942 ## - ADDED ENTRY ELEMENTS (KOHA)
Source of classification or shelving scheme
Item type Books
Holdings
Withdrawn status Lost status Source of classification or shelving scheme Damaged status Not for loan Collection code Permanent location Current location Shelving location Date acquired Total Checkouts Full call number Barcode Date last seen Price effective from Koha item type
          Koleksioni i përgjithshem UBT - Lipjan UBT - Lipjan Koleksioni i përgjithshem 02/26/2018   303.4867040903 NOR 002-2999531 02/26/2018 02/26/2018 Books
UBT Library © 2015-2024. All rights reserved University Education for Business and Technology